Disturbios por la economía callejera /
Đã lưu trong:
| Tác giả chính: | |
|---|---|
| Định dạng: | Texto |
| Các nhãn: |
Thêm thẻ
Không có thẻ, Là người đầu tiên thẻ bản ghi này!
|
MARC
| LEADER | 00000 a a2200000 04500 | ||
|---|---|---|---|
| 001 | 1427 | ||
| 003 | |||
| 040 | |||
| 100 | |a Morales G., Abelardo | ||
| 245 | |a Disturbios por la economía callejera / |c Abelardo Morales G. | ||
| 773 | |g número 80; páginas 3-5 | ||
| 999 | |c 39303 |d 39303 | ||
